00674 2200229 4500001002100000005001500021035002000036008004100056020001800097041000600115082001200121090001800133100001700151245005500168260003000223300002500253650001600278084001800294520010000312990001600412990001600428INLIS00000000000606620240811093230 a0010-0322000842240811 g 0 ind  a979-501-379-3 ai a634.672 a634.672 NIP p0 aNipan AH, M.1 aProspek Agrobisnis Berkebun Durian /cM. Nipan AH. aSemarang :bEffhar,c2002 axi + 140 hlm.; 21 cm 4aBuah-Buahan a634.672 NIP p aBuah durian terkenal dengan sebutan raja segala buah karena kenikmatan rasanya yang luar biasa. a194/STPP/06 a192/STPP/06